| 000 -LEADER |
| fixed length control field |
01746cam a2200325 a 4500 |
| 001 - CONTROL NUMBER |
| control field |
15012215 |
| 005 - DATE AND TIME OF LATEST TRANSACTION |
| control field |
20230224091205.0 |
| 008 - FIXED-LENGTH DATA ELEMENTS--GENERAL INFORMATION |
| fixed length control field |
070919r20071900pk b 001 0deng |
| 010 ## - LIBRARY OF CONGRESS CONTROL NUMBER |
| LC control number |
2007432766 |
| 020 ## - INTERNATIONAL STANDARD BOOK NUMBER |
| International Standard Book Number |
9789693519136 |
| 020 ## - INTERNATIONAL STANDARD BOOK NUMBER |
| International Standard Book Number |
9693519132 |
| 025 ## - OVERSEAS ACQUISITION NUMBER |
| Overseas acquisition number |
P-E-2007432766 ; 20 |
| 040 ## - CATALOGING SOURCE |
| Original cataloging agency |
DLC |
| Transcribing agency |
DLC |
| 042 ## - AUTHENTICATION CODE |
| Authentication code |
lcode |
| 043 ## - GEOGRAPHIC AREA CODE |
| Geographic area code |
a-pk--- |
| 050 00 - LIBRARY OF CONGRESS CALL NUMBER |
| Classification number |
DS392.K49 |
| Item number |
W37 2007 |
| 082 ## - DEWEY DECIMAL CLASSIFICATION NUMBER |
| Classification number |
954.9123,WAR |
| 100 1# - MAIN ENTRY--PERSONAL NAME |
| Personal name |
Warburton, Robert, |
| Titles and words associated with a name |
Sir, |
| Dates associated with a name |
1842-1899. |
| 9 (RLIN) |
5382 |
| 245 10 - TITLE STATEMENT |
| Title |
Eighteen years in the Khyber, 1879-1898 / |
| Statement of responsibility, etc. |
Robert Warburton. |
| 246 3# - VARYING FORM OF TITLE |
| Title proper/short title |
18 years in the Khyber, 1879-1898 |
| 246 3# - VARYING FORM OF TITLE |
| Title proper/short title |
Khyber |
| 260 ## - PUBLICATION, DISTRIBUTION, ETC. |
| Place of publication, distribution, etc. |
Lahore : |
| Name of publisher, distributor, etc. |
Sang-e-Meel Publications, |
| Date of publication, distribution, etc. |
2007. |
| 300 ## - PHYSICAL DESCRIPTION |
| Extent |
294 p. : |
| Other physical details |
1 folded map ; |
| Dimensions |
23 cm. |
| 505 ## - FORMATTED CONTENTS NOTE |
| Formatted contents note |
My Father (1830-1863) (Page-15), Abyssinia - Punjab 1863 - 1870 (Page-25), Crime in the Panjab (1870) (Page-31), Peshawar (1870 - 1872) (Page-36), Mardan (Page-51), Khyber and Jelallabad (Page-68), Return to the Khyber (Page-93), The duke and duchess of Connaught's and the Amir's S Visits (Page-)113, H. H. Abdur Rahman Khan (Page-128), In the Khyber (Page-134), The Tour of the Khyber Maliks and the black mountain campaign (Page-150), The Shilman route (Page-165), Teh visit of Prince Albert Victor (Page-176), The Caubul river survey (Page-182), Amin Khan rising (Page-198), On leave in India (Page-214), Final year in the Khyber (Page-228), The Khyber debacle (Page-239), Frontier policy (Page-258), The Tribes of the Khyber (Page-280). |
| 600 10 - SUBJECT ADDED ENTRY--PERSONAL NAME |
| Personal name |
Warburton, Robert, |
| Titles and other words associated with a name |
Sir, |
| Dates associated with a name |
1842-1899. |
| 9 (RLIN) |
5382 |
| 651 #0 - SUBJECT ADDED ENTRY--GEOGRAPHIC NAME |
| Geographic name |
Khyber (Pakistan) |
| General subdivision |
History. |
| 9 (RLIN) |
5383 |
| 906 ## - LOCAL DATA ELEMENT F, LDF (RLIN) |
| a |
7 |
| b |
cbc |
| c |
origode |
| d |
3 |
| e |
ncip |
| f |
20 |
| g |
y-gencatlg |
| 942 ## - ADDED ENTRY ELEMENTS (KOHA) |
| Source of classification or shelving scheme |
|
| Koha item type |
Book |
| Call number prefix |
954.9123,WAR |